000 00899nam a2200241Ia 4500
003 OSt
005 20220923212528.0
006 a|||||r|||| 00| 0
007 ta
008 220922b |||||||| |||| 00| 0 hin d
024 _a153,817
037 _cTextual
040 _aARTS
_cARTS
_bhin
041 _2hin
_ahin
082 _aO15:gxK75w, 152N2
100 _aश्रीरामचन्द्रदु, पी0
_9162571
245 0 _aपण्डितराज जगन्नाथ, अनु मिथिलेश चतुर्वेदी
246 _aPaṇḍitarāj jagannātha, anu0 mithilesh chaturvedī
260 _aनई दिल्ली
_b साहित्य अकादेमी
_c1992
300 _a83 पृ.
_ccm.
942 _hO15:gxK75w, 152N2
_cTEXL
_2CC
999 _c309454
_d309454